Wszystkie miasta o nazwie "Santiago" - z mapą - Statystyki

Ogólne statystyki
  • Ten quiz został rozwiązany 64 razy
  • Średni wynik to 2 z 13
Odpowiedzi na mapie
Odpowiedzi zakodowano w zielono-czerwonej skali na mapie do tego quizu, zgodnie z poniższymi procentami.
 
Statystyki odpowiedzi
Miasto Państwo Ludność % Poprawnych
Santiago de Chile Chile 6.269k
85%
Santiago de Compostela Hiszpania 96k
60%
Santiago de Cuba Kuba 556k
47%
San Felipe y Santiago de Montevideo Pełna nazwa: Muy Fiel y Reconquistadora Ciudad de San Felipe y Santiago de Montevideo / Bardzo wierne i odbijające miasto San Felipe y Santiago de Montevideo Urugwaj 1.719k
6%
Santiago de los Caballeros Dominikana 1.173k
6%
Santiago del Estero Argentyna 252k
4%
Santiago de León de Caracas Wenezuela 2.246k
4%
Santiago de los Caballeros de León Nikaragua 211k
4%
Santiago de Cali Kolumbia 2.228k
2%
Santiago de Carig Filipiny 149k
2%
Santiago de Guayaquil Ekwador 2.698k
2%
Santiago de los Caballeros de Mérida Wenezuela 200k
2%
Santiago de Querétaro Meksyk 795k
0%
Nie znaleziono quizów pasujących do podanych kryteriów
Rozkład punktacji
Procent ludzi z każdym wynikiem
Percentyl według liczby udzielonych odpowiedzi
Twoja historia wyników
Nie rozwiązałeś tego quizu